Eglise et société économique: l'enseignement social des papes de Léon XIII a Pie XII

I tiakina i:
Ngā taipitopito rārangi puna kōrero
Ngā kaituhi matua: Calvez, Jean-Yves (Author), Perrin, J (Author)
Hōputu: Pukapuka
Reo:Wīwī
I whakaputaina: París Aubier 1959
Rangatū:Théologie, 40
Ngā marau:
Ngā Tūtohu: Tāpirihia he Tūtohu
Kāore He Tūtohu, Me noho koe te mea tuatahi ki te tūtohu i tēnei pūkete!

MARC

LEADER 00000nam a2200000 a 4500
001 UCT7964
003 CL-VaPUC
008 970317e19590000FR |||||||||||||||||fre|d
082 0 4 |a 261.85  |b CAL  |2 21 
100 0 |a Calvez, Jean-Yves  |e author  |9 379348 
700 0 |a Perrin, J  |e author  |9 379349 
245 1 0 |a Eglise et société économique: l'enseignement social des papes de Léon XIII a Pie XII 
300 |a 578 p 
942 |c BK 
945 |d 19970317 00:00:00  |a paguirre 
260 |a París  |b Aubier  |c 1959 
650 0 |a Religión   |9 255164 
650 0 |a Economía   |9 255568 
650 0 |a Problemas sociales  |9 258537 
650 0 |a Iglesia Católica  |9 256114 
650 0 |a Política económica   |9 255029 
650 0 |a Propiedad privada  |9 257919 
650 0 |a Trabajo  |9 313876 
650 0 |a Capital   |9 263726 
650 0 |a Empresas   |9 255569 
650 0 |a Estado  |9 255503 
650 0 |a Sindicatos  |9 255034 
650 7 |a CONFLICTO DE CLASE  |2 CL-VaPUC  |9 344292 
583 |a last modification  |c 19970317 00:00:00  |k Rodrigo Vera 
490 0 |a Théologie, 40 
999 |c 256509  |d 256507 
952 |0 0  |1 0  |4 0  |6 261_850000000000000_CAL_1959  |7 0  |8 A  |9 279286  |a BIBDER  |b BIBDER  |d 2019-11-19  |i 1811231  |o 261.85 CAL 1959  |p 1811231  |r 2023-01-25  |w 2019-11-19  |y BK  |k DER